The coral island : a tale of the South Seas /

Bibliographic Details
Main Author: Ballantyne, R. M. (Robert Michael), 1825-1894
Format: Book
Language:English
Published: London : Collins' Clear Type Press, [between 1930 and 1939?]

MARC

Tag First Indicator Second Indicator Subfields
LEADER 00000cam a2200000 a 4500
001 in00000007423
005 20151005080014.0
008 850603q19301939enkaf j 00011 eng d
035 |a (OCoLC)12110683 
035 |9 AAA1916AM 
040 |a BGU  |c BGU  |d m/c  |d TXA  |d UtOrBLW 
049 |a [Curr Col] TXAM  |c [A12603722] 
050 4 |a PZ6.B188  |b Co 1930z 
100 1 |a Ballantyne, R. M.  |q (Robert Michael),  |d 1825-1894. 
245 1 4 |a The coral island :  |b a tale of the South Seas /  |c by R.M. Ballantyne. 
264 1 |a London :  |b Collins' Clear Type Press,  |c [between 1930 and 1939?] 
300 |a 282 pages, 8 unnumbered leaves of plates :  |b illustrations ;  |c 19 cm. 
336 |a text  |b txt  |2 rdacontent 
337 |a unmediated  |b n  |2 rdamedia 
338 |a volume  |b nc  |2 rdacarrier 
500 |a Three English boys, shipwrecked on a deserted island, create an idyllic society despite typhoons, wild hogs, and hostile visitors. Then evil pirates kidnap one of the youths whose adventures continue among the South Sea Islands. 
999 |a MARS 
999 f f |s 944422ec-9330-35fa-8bc8-cfa91b84dd39  |i 37129385-d6c7-35c0-9106-9dfc895965fe  |t 0 
952 f f |p ric  |a Texas A&M University  |b Rellis Campus  |c Joint Library Facility  |d Remote Storage  |t 0  |e PZ6.B188 Co 1930z  |h Library of Congress classification  |i unmediated -- volume  |m A14812603722 
998 f f |a PZ6.B188 Co 1930z  |t 0  |l Remote Storage